000 00200 a2200097 4500
001 3557
100 _aAnderson, E.P
245 _aAudels radiomans guide
260 _a
_bAudel
_c
090 _c2821
_d2821
942 _aNUST-CAE
_cM
_c20236
999 _c238630
_d238630